[Event "Sivas op 1st"]
[Site "Sivas"]
[Date "2019.08.20"]
[Round "3"]
[White "Ghaffarifar, Matin"]
[Black "Bashirov, Teymur"]
[Result "0-1"]
[WhiteElo "2082"]
[BlackElo "2298"]
[PlyCount "88"]
[EventDate "2019.08.19"]
[EventType "swiss"]
[EventRounds "9"]
[EventCountry "TUR"]
[SourceTitle "EXT 2020"]
[Source "ChessBase"]
[SourceDate "2019.10.17"]
[SourceVersion "1"]
[SourceVersionDate "2019.10.17"]
[SourceQuality "1"]

1. d4 Nf6 2. c4 e6 3. Nc3 Bb4 4. Qc2 d5 5. cxd5 exd5 6. Bg5 h6 7. Bh4 Bxc3+ 8. bxc3 c5 9. dxc5 0-0 10. e3 Nbd7 11. Bd3 Nxc5 12. Ne2 Bd7 13. 0-0 Re8 14. Rab1 g5 15. Bg3 Nxd3 16. Qxd3 b6 17. Rb4 Qe7 18. Rd4 Rac8 19. h4 Qe6 20. Rc1 Rc5 21. hxg5 hxg5 22. a4 Bc8 23. Bh2 Kg7 24. Rb4 Ng4 25. Bg3 Bd7 26. Rd4 Rh8 27. f3 Nxe3 28. Bf2 Nc4 29. Rg4 f6 30. Nf4 Qf7 31. Rg3 Ne5 32. Qd2 Nc4 33. Qd4 Kg8 34. Re1 Rh4 35. Re7 Qxe7 36. Nxd5 Rxd5 37. Qxd5+ Be6 38. Qa8+ Kf7 39. Bd4 Qc7 40. Kf2 Rh1 41. Qe4 Nd2 42. Qc2 Rf1+ 43. Ke2 Bc4+ 44. Kxd2 Qf4+ 0-1

[Event "Arak op 15th"]
[Site "Arak"]
[Date "2016.08.13"]
[Round "4"]
[White "Shamsi, Mohammadhossein"]
[Black "Ghaffarifar, Matin"]
[Result "1/2-1/2"]
[WhiteElo "2230"]
[BlackElo "2081"]
[PlyCount "122"]
[EventDate "2016.08.11"]
[EventType "swiss"]
[EventRounds "11"]
[EventCountry "IRI"]
[SourceTitle "CBM 173 Extra"]
[Source "ChessBase"]
[SourceDate "2016.08.29"]
[SourceVersion "1"]
[SourceVersionDate "2016.08.29"]
[SourceQuality "1"]

1. Nf3 c5 2. c4 Nc6 3. d4 cxd4 4. Nxd4 g6 5. e4 Bg7 6. Nc2 d6 7. Be2 Be6 8. 0-0 Rc8 9. Nd2 Nf6 10. Rb1 Nd7 11. b3 Qa5 12. a3 0-0 13. Nf3 Bg4 14. Be3 Nf6 15. Nd2 Bxe2 16. Qxe2 a6 17. f3 Rfd8 18. Rfd1 Ne5 19. Nf1 Qc7 20. Rbc1 h5 21. a4 Kh7 22. Nd4 Nfd7 23. h3 Qb8 24. g4 hxg4 25. hxg4 Rh8 26. Kg2 Nc6 27. Ng3 Nxd4 28. Bxd4 Bxd4 29. Rxd4 Nc5 30. Rdd1 Ne6 31. Qe3 f6 32. Rg1 b5 33. cxb5 Rxc1 34. Rxc1 axb5 35. a5 Kg7 36. Rh1 Rxh1 37. Nxh1 d5 38. exd5 Nf4+ 39. Kf1 Nxd5 40. Qe4 Qd6 41. Nf2 Nb4 42. Kg2 Kf7 43. g5 f5 44. Qh4 Ke8 45. Qh8+ Kd7 46. Qc3 e5 47. Kf1 Kd8 48. Ke2 Nd5 49. Qc2 Nf4+ 50. Kf1 Qd4 51. a6 Qa1+ 52. Qd1+ Qxd1+ 53. Nxd1 Kc7 54. Nc3 Kb6 55. Nxb5 Kxa6 56. Nd6 Ne6 57. Nf7 Kb5 58. Nxe5 Nxg5 59. Kf2 Kb4 60. Nxg6 Nxf3 61. Kxf3 Kxb3 1/2-1/2

[Event "Asian Schools-ch U15 12th Rapid"]
[Site "Tehran"]
[Date "2016.07.10"]
[Round "6.4"]
[White "Ghaffarifar, Matin"]
[Black "Pourghanbarzad Lashtnesha, Arman"]
[Result "0-1"]
[WhiteElo "1974"]
[BlackElo "2138"]
[PlyCount "82"]
[EventDate "2016.07.10"]
[EventType "swiss"]
[EventRounds "7"]
[EventCountry "IRI"]
[SourceTitle "EXT 2024"]
[Source "ChessBase"]
[SourceDate "2023.10.10"]
[SourceVersion "1"]
[SourceVersionDate "2023.10.10"]
[SourceQuality "1"]

1. d4 d5 2. c4 c6 3. cxd5 cxd5 4. Nc3 Nf6 5. Bf4 Nc6 6. e3 Bf5 7. Qb3 Na5 8. Bb5+ Bd7 9. Qc2 Rc8 10. Bd3 e6 11. h3 Nc4 12. Nf3 Bb4 13. Bxc4 Rxc4 14. Ne5 Rc8 15. Qb3 Qa5 16. 0-0 b6 17. Rfc1 0-0 18. Bg5 Bxc3 19. bxc3 Ba4 20. Qb4 Ne4 21. Be7 Rfe8 22. c4 Qxb4 23. Bxb4 f6 24. f3 Ng3 25. Kf2 Nf5 26. g4 Ne7 27. Nd3 dxc4 28. Nb2 Bb5 29. a4 Ba6 30. e4 Nc6 31. Bc3 Red8 32. Ke3 Kf7 33. f4 g6 34. Rc2 f5 35. gxf5 exf5 36. exf5 gxf5 37. d5 Ne7 38. Kf3 Bb7 39. Rg1 Bxd5+ 40. Kf2 Rg8 41. Re1 Rg2+ 0-1

[Event "IRI Cities-chT"]
[Site "Esfahan"]
[Date "2016.05.12"]
[Round "3.3"]
[White "Ghaffarifar, Matin"]
[Black "Alizadeh, Gh"]
[Result "1/2-1/2"]
[WhiteElo "2038"]
[BlackElo "2216"]
[PlyCount "137"]
[EventDate "2016.05.11"]
[EventType "team-swiss"]
[EventRounds "7"]
[EventCountry "IRI"]
[SourceTitle "CBM 172 Extra"]
[Source "ChessBase"]
[SourceDate "2016.06.21"]
[SourceVersion "1"]
[SourceVersionDate "2016.06.21"]
[SourceQuality "1"]
[WhiteTeam "Karaj Chesssboard"]
[BlackTeam "Shiraz Darya Borj"]
[WhiteTeamCountry "IRI"]
[BlackTeamCountry "IRI"]

1. d4 Nf6 2. c4 c5 3. d5 e6 4. Nc3 exd5 5. cxd5 Bd6 6. e4 0-0 7. f4 Nxe4 8. Nxe4 Re8 9. Qe2 Bf8 10. Kf2 f5 11. Nf6+ gxf6 12. Qc2 Na6 13. Bd2 d6 14. Bd3 Qb6 15. Bc4 Bd7 16. Ne2 Qd8 17. a4 Nb4 18. Bxb4 cxb4 19. a5 Rc8 20. Qd3 Re4 21. Qg3+ Kh8 22. Bd3 Re7 23. Nd4 Rc5 24. Nb3 Rc7 25. Nd4 Qc8 26. Rhe1 Rxe1 27. Rxe1 Rc1 28. Qe3 Rxe1 29. Kxe1 Qc5 30. Nxf5 Qxd5 31. Qd4 Qxd4 32. Nxd4 d5 33. Bb5 Bc8 34. f5 Bd6 35. Ne6 Bxh2 36. Kd2 Be5 37. b3 a6 38. Be8 Kg8 39. Kd3 h5 40. Ke3 h4 41. Kd3 Kh7 42. Ke3 Kh6 43. Kd3 Kh7 44. Ke3 Kg8 45. Kd3 Bxe6 46. fxe6 Kf8 47. Bd7 Ke7 48. Bc8 Bc7 49. Kd4 Bxa5 50. Kxd5 Bd8 51. Bxb7 a5 52. Bc6 Bc7 53. Bd7 f5 54. Kc5 Bd8 55. Kd5 Kf6 56. Kd4 Be7 57. Ke3 Ke5 58. Kf3 Bg5 59. Kf2 Kf4 60. Bc6 Be7 61. Bb5 Bc5+ 62. Ke2 Kg3 63. Kf1 f4 64. Bc6 f3 65. gxf3 h3 66. f4 Kxf4 67. e7 Bxe7 68. Kg1 Kg3 69. Kh1 1/2-1/2

[Event "Mashhad Ferdowsi op 6th"]
[Site "Mashhad"]
[Date "2016.01.30"]
[Round "3"]
[White "Chigaev, Maksim"]
[Black "Ghaffarifar, Matin"]
[Result "1/2-1/2"]
[WhiteElo "2526"]
[BlackElo "2054"]
[PlyCount "69"]
[EventDate "2016.01.29"]
[EventType "swiss"]
[EventRounds "9"]
[EventCountry "IRI"]
[SourceTitle "CBM 170 Extra"]
[Source "ChessBase"]
[SourceDate "2016.02.25"]
[SourceVersion "1"]
[SourceVersionDate "2016.02.25"]
[SourceQuality "1"]

1. e4 e6 2. d4 d5 3. Nd2 Nf6 4. e5 Nfd7 5. Bd3 c5 6. c3 Nc6 7. Ne2 cxd4 8. cxd4 f6 9. exf6 Qxf6 10. Nf3 h6 11. 0-0 Bd6 12. Ng3 0-0 13. Be3 Rd8 14. Rc1 Nf8 15. h3 Bd7 16. Nh2 e5 17. dxe5 Nxe5 18. Bd4 Qf7 19. Be2 Ne6 20. Bxe5 Bxe5 21. Ng4 Bxb2 22. Rb1 Bd4 23. Rxb7 Rab8 24. Rxb8 Rxb8 25. Bf3 Bc6 26. Ne2 Rb4 27. Qd2 Rb2 28. Qd1 Rb4 29. a3 Rc4 30. Kh1 Qb7 31. Qd3 Kh8 32. Rb1 Qc7 33. Qf5 Qd6 34. Qg6 Bb6 35. Ng3 1/2-1/2

[Event "Avicenna op 12th"]
[Site "Hamedan"]
[Date "2015.09.08"]
[Round "10"]
[White "Bolourchifard, Farzad"]
[Black "Ghaffarifar, Matin"]
[Result "1/2-1/2"]
[WhiteElo "2229"]
[BlackElo "2131"]
[PlyCount "82"]
[EventDate "2015.09.02"]
[EventType "swiss"]
[EventRounds "11"]
[EventCountry "IRI"]
[SourceTitle "EXT 2016"]
[Source "ChessBase"]
[SourceDate "2015.10.08"]
[SourceVersion "1"]
[SourceVersionDate "2015.10.08"]
[SourceQuality "1"]

1. d4 Nf6 2. Nf3 e6 3. Bg5 Be7 4. Bxf6 Bxf6 5. e4 d5 6. e5 Be7 7. c3 c5 8. Qb3 Nc6 9. Nbd2 cxd4 10. cxd4 Bb4 11. Bb5 Qa5 12. Qa4 Bd7 13. Qxa5 Bxa5 14. Bxc6 Bxc6 15. Ke2 Bd8 16. Ne1 Rc8 17. Nd3 Be7 18. Rhc1 b6 19. b4 Kd7 20. a4 Bb7 21. f4 Rxc1 22. Rxc1 Rc8 23. Rxc8 Bxc8 24. Kf3 Kc7 25. Nb1 Bd7 26. Nc3 f6 27. b5 f5 28. h3 Be8 29. g4 Bg6 30. g5 Be8 31. Ke3 Kb7 32. Kd2 a5 33. Ne2 h6 34. h4 h5 35. Nec1 Bd8 36. Nb3 g6 37. Kc2 Be7 38. Kc3 Ka7 39. Kd2 Bd8 40. Ke3 Be7 41. Ke2 Bd8 1/2-1/2

[Event "Avicenna op 12th"]
[Site "Hamedan"]
[Date "2015.09.03"]
[Round "3"]
[White "Ghaffarifar, Matin"]
[Black "Ghaem Maghami, Ehsan"]
[Result "0-1"]
[WhiteElo "2131"]
[BlackElo "2596"]
[PlyCount "68"]
[EventDate "2015.09.02"]
[EventType "swiss"]
[EventRounds "11"]
[EventCountry "IRI"]
[SourceTitle "EXT 2016"]
[Source "ChessBase"]
[SourceDate "2015.10.08"]
[SourceVersion "1"]
[SourceVersionDate "2015.10.08"]
[SourceQuality "1"]

1. d4 d6 2. c4 e5 3. Nc3 Nd7 4. Nf3 g6 5. e4 Bg7 6. Be2 Ngf6 7. 0-0 0-0 8. Re1 c6 9. Bf1 h6 10. Rb1 exd4 11. Nxd4 Re8 12. f3 a6 13. Be3 Ne5 14. Qd2 Kh7 15. Rbd1 b5 16. cxb5 cxb5 17. Nc2 Bf8 18. Nb4 Bb7 19. Nbd5 Ned7 20. a4 Nxd5 21. Nxd5 bxa4 22. Bc4 Bg7 23. Qb4 Ne5 24. Nb6 Rb8 25. Qxd6 Qxd6 26. Rxd6 Nxc4 27. Nxc4 Bc8 28. Rb6 Be6 29. Nd6 Red8 30. Rxa6 Bxb2 31. Rxa4 Rxd6 32. Bf4 Rd4 33. Ra7 Rbd8 34. Re2 Rd1+ 0-1

[Event "Fajr op 23rd"]
[Site "Urmia"]
[Date "2015.02.21"]
[Round "6"]
[White "Ghaffarifar, Matin"]
[Black "Bagheri, Maziar"]
[Result "1-0"]
[WhiteElo "1882"]
[BlackElo "2188"]
[PlyCount "121"]
[EventDate "2015.02.18"]
[EventType "swiss"]
[EventRounds "9"]
[EventCountry "IRI"]
[SourceTitle "CBM 164 Extra"]
[Source "ChessBase"]
[SourceDate "2015.03.02"]
[SourceVersion "1"]
[SourceVersionDate "2015.03.02"]
[SourceQuality "1"]

1. d4 Nf6 2. c4 e6 3. Nc3 Bb4 4. Qc2 0-0 5. e4 d6 6. e5 Nfd7 7. Nf3 c5 8. a3 cxd4 9. axb4 dxc3 10. exd6 Qb6 11. bxc3 Qxd6 12. c5 Qe7 13. Bd3 h6 14. 0-0 Nc6 15. Re1 Re8 16. Bf4 Qf6 17. Bc7 Ne7 18. Nd2 Nd5 19. Ne4 Qe7 20. Bg3 Rd8 21. Qb3 a5 22. Bc4 N7f6 23. Nd6 Qf8 24. Rxa5 Rxa5 25. bxa5 Rd7 26. Bb5 Rd8 27. c4 Ne7 28. Ba4 Nd7 29. Qb5 e5 30. Rd1 Nc6 31. Nxc8 Nd4 32. Rxd4 exd4 33. Bd6 Qe8 34. Ne7+ Kh8 35. Qb2 d3 36. Qd4 f5 37. h3 Qf7 38. Nd5 Ra8 39. Bxd7 Qxd7 40. Qxd3 Rxa5 41. Qd4 Ra2 42. Ne7 Qe6 43. Qe5 Qxe5 44. Bxe5 Rc2 45. Nxf5 Rxc4 46. Bxg7+ Kh7 47. Bd4 Kg6 48. g4 h5 49. Kg2 Ra4 50. Kg3 hxg4 51. hxg4 Rb4 52. Be3 Rb3 53. Nd6 Kf6 54. g5+ Kg6 55. Kg4 Kh7 56. Kf5 Kg8 57. g6 Rb1 58. f4 Rb3 59. Bd4 Rb4 60. Ke5 Kf8 61. f5 1-0

[Event "Tehran Behin Cup 2nd"]
[Site "Tehran"]
[Date "2014.11.16"]
[Round "2"]
[White "Toufighi, Homayoon"]
[Black "Ghaffarifar, Matin"]
[Result "1-0"]
[WhiteElo "2440"]
[BlackElo "1986"]
[PlyCount "79"]
[EventDate "2014.11.15"]
[EventType "swiss"]
[EventRounds "9"]
[EventCountry "IRI"]
[SourceTitle "CBM 163 Extra"]
[Source "ChessBase"]
[SourceDate "2014.12.23"]
[SourceVersion "1"]
[SourceVersionDate "2014.12.23"]
[SourceQuality "1"]

1. d4 Nf6 2. Nf3 e6 3. Bg5 Be7 4. Bxf6 Bxf6 5. e4 d6 6. Nbd2 Nd7 7. Bd3 b6 8. Qe2 e5 9. dxe5 dxe5 10. 0-0-0 Bb7 11. Ba6 Bxa6 12. Qxa6 Nc5 13. Qc4 Qe7 14. b4 Nd7 15. Qxc7 0-0 16. Nb3 Rfd8 17. Rd5 Rac8 18. Qb7 Nc5 19. Qxe7 Nxb3+ 20. Kb2 Bxe7 21. Kxb3 f6 22. Rhd1 Rxd5 23. Rxd5 Rc7 24. c4 Kf7 25. a4 Ke6 26. Ne1 g6 27. Nd3 Bd6 28. c5 Be7 29. Kc4 a6 30. b5 a5 31. f4 exf4 32. Nxf4+ Kf7 33. c6 g5 34. Ne2 Bb4 35. Nd4 Ke7 36. g4 Ba3 37. e5 Bb4 38. e6 Ba3 39. Rd7+ Rxd7 40. exd7 1-0